Vector spaces
I tiakina i:
| Kaituhi matua: | |
|---|---|
| Hōputu: | Pukapuka |
| Reo: | Ingarihi |
| I whakaputaina: |
P. Noordhoff Ltd.
1965
|
| Ngā marau: | |
| Ngā Tūtohu: |
Tāpirihia he Tūtohu
Kāore He Tūtohu, Me noho koe te mea tuatahi ki te tūtohu i tēnei pūkete!
|
MARC
| LEADER | 00000cam a2200000 a 4500 | ||
|---|---|---|---|
| 001 | UCF2458 | ||
| 003 | CL-VaPUC | ||
| 008 | 120824e19650000NE |||||||||||||||||eng|d | ||
| 082 | 0 | 4 | |a 515.15 |b RAI |2 21 |
| 100 | 0 | |a Raikov, D. A |e author |9 564103 | |
| 245 | 1 | 0 | |a Vector spaces |
| 300 | |a 190 p | ||
| 942 | |c BK | ||
| 945 | |d 20120824 00:00:00 |a dcastane | ||
| 260 | |b P. Noordhoff Ltd. |c 1965 | ||
| 650 | 0 | |a Vectores |x Matemáticas |9 269973 | |
| 650 | 0 | |a Geometría vectorial |9 358887 | |
| 650 | 7 | |a GEOMETRIA DEL ESPACIO |2 CL-VaPUC |9 265986 | |
| 583 | |a last modification |c 20120824 12:41:00 |k Rodrigo Vera | ||
| 999 | |c 349019 |d 349017 | ||
| 952 | |0 0 |1 0 |4 0 |6 515_150000000000000_RAI_1965 |7 0 |8 A |9 451395 |a BIBMAT |b BIBMAT |d 2019-11-22 |i 488910K |o 515.15 RAI 1965 |p 488910K |r 2025-01-07 |w 2019-11-22 |y BK |k MAT | ||